| 000 | 00716nam a2200217 a 4500 | ||
|---|---|---|---|
| 001 | BRCA_6780 | ||
| 005 | 20190320205604.0 | ||
| 008 | 261011s1943----ag-#######---#000-0#----# | ||
| 050 | 4 |
_aHG312 _b.B76 1943 |
|
| 245 | 1 | 0 |
_aBimealismo internacional _bel patrón monetario más apropiado para la situación del mundo después de la guerra _cpor Francis H. Brownell; traducción. por Enrique M. Sobral |
| 260 |
_a[s.l.] _b[s.n.] _c[1943] |
||
| 300 |
_a29 p. _c23 cm. |
||
| 500 | _aI142 | ||
| 650 | 1 | 4 |
_aBimetalismo _916912 |
| 650 | 1 | 4 |
_aOro _915666 |
| 650 | 1 | 4 |
_aPolítíca Monetaria _915900 |
| 700 | 1 |
_aBrownell, Francis H. _916913 |
|
| 700 | 1 |
_aSobral, Enrique M. _eTraductor _916914 |
|
| 902 | _aGFM | ||
| 942 |
_2lcc _cB |
||
| 999 |
_c6463 _d6463 |
||